Statistics for Baseball First Ballot Hall of Fame

Click here to take the quiz!

General Stats

  • This quiz has been taken 35,032 times
    (2,135 since last reset)
  • The average score is 42 of 62

Answer Stats

YearPosTeamPlayer% Correct
2020SSYankeesDerek Jeter
92%
2022DHRed SoxDavid Ortiz
89%
1936RFYankeesBabe Ruth
88%
2015PMarinersRandy Johnson
85%
20183BBravesChipper Jones
84%
2016OFMarinersKen Griffey Jr.
84%
1936PSenatorsWalter Johnson
84%
2017CRangersIvan Rodriguez
83%
2007SSOriolesCal Ripken
82%
2019PYankeesMariano Rivera
81%
2014PBravesGreg Maddux
80%
2024CTwinsJoe Mauer
80%
19622BDodgersJackie Robinson
77%
1974CFYankeesMickey Mantle
77%
2015PRed SoxPedro Martinez
77%
20243BRangersAdrián Beltré
76%
19833BOriolesBrooks Robinson
76%
1982RFOriolesFrank Robinson
76%
2014DHWhite SoxFrank Thomas
75%
(1939)1BYankeesLou Gehrig
75%
2007RFPadresTony Gwynn
75%
2002SSCardinalsOzzie Smith
74%
2009LFA'sRickey Henderson
73%
1979CFGiantsWillie Mays
73%
(1973)RFPiratesRoberto Clemente
72%
1966LFRed SoxTed Williams
72%
20181BIndiansJim Thome
71%
2015PBravesJohn Smoltz
71%
19953BPhilliesMike Schmidt
71%
1999PAngelsNolan Ryan
71%
1936CFTigersTy Cobb
71%
1982RFBravesHank Aaron
70%
1989CRedsJohnny Bench
70%
2014PBravesTom Glavine
70%
19993BRoyalsGeorge Brett
69%
1993RFA'sReggie Jackson
69%
1972PDodgersSandy Koufax
67%
2019PBlue JaysRoy Halladay
66%
1999SSBrewersRobin Yount
65%
1992PMetsTom Seaver
63%
1981PCardinalsBob Gibson
62%
1989LFRed SoxCarl Yastrzemski
62%
1977SSCubsErnie Banks
62%
1969LFCardinalsStan Musial
62%
1936SSPiratesHonus Wagner
61%
2001CFTwinsKirby Puckett
59%
20053BRed SoxWade Boggs
59%
2004PA'sDennis Eckersley
56%
19902BRedsJoe Morgan
56%
20043BBrewersPaul Molitor
55%
1988LFPiratesWillie Stargell
55%
1990POriolesJim Palmer
53%
19861BGiantsWillie McCovey
53%
20031BOriolesEddie Murray
51%
1994PPhilliesSteve Carlton
51%
1980RFTigersAl Kaline
50%
1962PIndiansBob Feller
48%
1936PGiantsChristy Mathewson
46%
19911BTwinsRod Carew
45%
2001RFYankeesDave Winfield
40%
1985LFCardinalsLou Brock
40%
1973PBravesWarren Spahn
40%

Score Distribution

Percentile by Number Answered

Percent of People with Each Score

Your Score History

You have not taken this quiz since the last reset